Deep learning for time series cookbook : (Record no. 52112)

MARC details
000 -LEADER
fixed length control field 00709nam a2200229Ia 4500
005 - DATE AND TIME OF LATEST TRANSACTION
control field 20260429112044.0
008 - FIXED-LENGTH DATA ELEMENTS--GENERAL INFORMATION
fixed length control field 260429s9999||||xx |||||||||||||| ||und||
020 ## - INTERNATIONAL STANDARD BOOK NUMBER
International Standard Book Number 9781805129233
041 ## - LANGUAGE CODE
Language English
082 ## - DEWEY DECIMAL CLASSIFICATION NUMBER
Classification number 006.31
Item number CER
100 ## - MAIN ENTRY--PERSONAL NAME
Personal name Cerqueira, Vitor
245 #0 - TITLE STATEMENT
Title Deep learning for time series cookbook :
Remainder of title use pytorch and python recipes for forecasting, classification, and anomaly detection /
Statement of responsibility, etc Vitor Cerqueira
250 ## - EDITION STATEMENT
Edition statement 1st ed.
260 ## - PUBLICATION, DISTRIBUTION, ETC. (IMPRINT)
Place of publication, distribution, etc Birmingham :
Name of publisher, distributor, etc Packt Publishing,
Date of publication, distribution, etc 2024.
300 ## - PHYSICAL DESCRIPTION
Extent xix, 253 p.; pbk
650 ## - SUBJECT ADDED ENTRY--TOPICAL TERM
Topical term or geographic name as entry element Machine learning
650 ## - SUBJECT ADDED ENTRY--TOPICAL TERM
Topical term or geographic name as entry element PyTorch
650 ## - SUBJECT ADDED ENTRY--TOPICAL TERM
Topical term or geographic name as entry element Time series forecasting
650 ## - SUBJECT ADDED ENTRY--TOPICAL TERM
Topical term or geographic name as entry element Deep learning
700 ## - ADDED ENTRY--PERSONAL NAME
Personal name Roque, Luís
942 ## - ADDED ENTRY ELEMENTS (KOHA)
Koha item type Text Books
Holdings
Withdrawn status Lost status Damaged status Not for loan Collection code Home library Location Shelving location Date of Cataloging Source of acquisition Total Checkouts Full call number Barcode Date last seen Price effective from Koha item type
        Non-fiction CUTN Central Library CUTN Central Library Generalia 29/04/2026 SansRack Publishing Solutions, Chennai - Invoice No. S130/25-26 on 11-02-2026   006.31 CER 57187 29/04/2026 29/04/2026 Text Books